| 000 | 00450nam a2200145Ia 4500 | ||
|---|---|---|---|
| 003 | GCL | ||
| 008 | 140319s9999 xx 000 0 ara d | ||
| 040 |
_aGCL / _cGCL |
||
| 082 | 0 | 4 |
_a821 _bت ه |
| 100 | 1 | _aتاجور، رابنذرانات | |
| 245 | 1 | 0 |
_aالهلال / _cتاجور، رابنذرانات |
| 700 | 1 | _aمحمد طاهر الجبلاوى (ترجمة) | |
| 300 | _a88 ص | ||
| 490 |
_aالهيئة العامة للاستعلامات _v0 |
||
| 999 |
_c47581 _d47581 |
||